Protestant Countries - Sudden Death - Statistics

General Stats
  • This quiz has been taken 150 times
  • The average score is 7 of 30
Answers on the Grid
Answers color-coded by a green-red scale on the quiz's grid according to % correct below.
Antigua and Barbuda
Barbados
Botswana
Central African Republic
Democratic Republic of the Congo
Denmark
Eswatini
Fiji
Finland
Gabon
Ghana
Honduras
Iceland
Jamaica
Kenya
Kiribati
Lesotho
Liberia
Malawi
Marshall Islands
Micronesia
Namibia
Nauru
Norway
Papua New Guinea
Republic of the Congo
Rwanda
Saint Kitts and Nevis
Saint Vincent and the Grenadines
Samoa
Solomon Islands
South Africa
Sweden
The Bahamas
Tonga
Tuvalu
Uganda
Vanuatu
Zambia
Zimbabwe
 
Answer Stats
Answer % Correct
Denmark
71%
Finland
70%
Iceland
62%
Norway
55%
Sweden
53%
South Africa
39%
Jamaica
35%
Antigua and Barbuda
27%
Barbados
23%
Botswana
23%
Zimbabwe
23%
Kenya
20%
Namibia
20%
The Bahamas
18%
Ghana
17%
Zambia
17%
Democratic Republic of the Congo
15%
Liberia
14%
Papua New Guinea
14%
Eswatini
12%
Central African Republic
11%
Malawi
8%
Marshall Islands
8%
Saint Kitts and Nevis
8%
Saint Vincent and the Grenadines
8%
Tonga
8%
Nauru
6%
Republic of the Congo
6%
Solomon Islands
6%
Tuvalu
6%
No matching quizzes found
Score Distribution
Percent of People with Each Score
Percentile by Number Answered
Your Score History
You have not taken this quiz